000 01005nam a2200337 a 4500
001 vtls000968536
003 NLI
005 20210627095141.0
008 120112m1812uuuuenk 000 0 eng
039 9 _y201201121758
_zEntertech_02
040 0 _aNLI
_beng
_cEntertech-2011
_eAACR2
041 0 _aeng
044 _aenk
084 _a62.D.1
100 1 _aBritton, John
_9856283
245 1 4 _aThe beauties of England and Wales /
_cJohn Britton
260 _aLondon :
_bJ. Harris,
_c1812-
300 _a-v. ;
_c20 cm.
500 _aLibrary has v.14, v.14 c.2
650 0 _aArchitecture
_zEngland
_9811276
650 0 _aArchitecture
_zWales
651 0 _aEngland
_xAntiquities
_9723457
651 0 _aWales
_xAntiquities
651 0 _aEngland
_xDescription and travel
651 0 _aWales
_xDescription and travel
_9799600
887 _a
901 _aIMP51207 :
_b03.08.2010
_9v.14
901 _aIMP51208 :
_b03.08.2010
_9v.14, c.2
902 _a62.D.1
999 _aVIRTUA
_c793103
_d793103
942 _2ddc
_cBKS